Incidens a réten

Elmentve itt :
Bibliográfiai részletek
Szerző: Jančar Drago
További közreműködők: Gállos Orsolya
Dokumentumtípus: Cikk
Megjelent: Pompeji Alapítvány Szeged 1995
Sorozat:Pompeji
Kulcsszavak:Szlovén irodalom - novella
Tárgyszavak:
Online Access:http://acta.bibl.u-szeged.hu/9230
LEADER 00698nab a2200217 i 4500
001 acta9230
005 20250519154747.0
008 161015s1995 hu o 000 hun d
022 |a 0865-5553 
040 |a SZTE Egyetemi Kiadványok Repozitórium  |b hun 
041 |a hun 
100 1 |a Jančar Drago 
245 1 0 |a Incidens a réten  |h [elektronikus dokumentum] /  |c  Jančar Drago 
260 |a Pompeji Alapítvány  |b Szeged  |c 1995 
300 |a 24-29 
490 0 |a Pompeji 
650 4 |a Bölcsészettudományok 
650 4 |a Nyelvek és irodalom 
695 |a Szlovén irodalom - novella 
700 0 1 |a Gállos Orsolya 
856 4 0 |u http://acta.bibl.u-szeged.hu/9230/1/pompeji_1995_002_024-029.pdf  |z Dokumentum-elérés